Ezra Miller Filmography - Statistics

General Stats
  • This quiz has been taken 15 times
    13 since last reset
  • The average score is 11 of 34
Answer Stats
Type Year Name % Correct
Film 2023 The Flash
90%
Film 2017 Justice League
80%
Film 2012 The Perks of Being a Wallflower
80%
TV Film 2021 Zack Snyder's Justice League
80%
Film 2016 Batman v Superman: Dawn of Justice
60%
Film 2016 Fantastic Beasts and Where to Find Them
60%
Film 2018 Fantastic Beasts: The Crimes of Grindelwald
60%
Film 2022 Fantastic Beasts: The Secrets of Dumbledore
50%
Film 2016 Suicide Squad
50%
Film 2011 We Need to Talk About Kevin
40%
Web Series 2022 Peacemaker
30%
Film 2008 Afterschool
20%
Film 2011 Another Happy Day
20%
TV Show 2020 Arrow
20%
Film 2021 Asking for It
20%
Film 2010 Beware the Gonzo
20%
Short Film 2011 Busted Walk
20%
TV Show 2006 Cakey! The Cake from Outer Space
20%
TV Show 2008 Californication
20%
Film 2009 City Island
20%
TV Short 2007 Critical Hit!
20%
Film 2022 Daliland
20%
Film 2010 Every Day
20%
Short Film 2019 Hanukkah, O Hanukkah (A Magical Time of Year)
20%
Web Series 2021 Invincible
20%
TV Show 2009 Law & Order: Special Victims Unit
20%
Video Game 2015 Lego Dimensions
20%
Film 2014 Madame Bovary
20%
Short Film 2019 Palms: Unstatus Quo
20%
TV Show 2009-2010 Royal Pains
20%
Web Mini-Series 2021 The Stand
20%
Film 2015 The Stanford Prison Experiment
20%
Film 2015 Trainwreck
20%
Theater 2006 Romeo and Juliet
10%
No matching quizzes found
Score Distribution
Percent of People with Each Score
Percentile by Number Answered
Your Score History
You have not taken this quiz since the last reset